[Event "ROM-ch U10"]
[Site "Calimanesti"]
[Date "2015.04.05"]
[Round "8"]
[White "Motiu, Victor"]
[Black "Adascalitei, Stefan Alexandru"]
[Result "1-0"]
[WhiteElo "1649"]
[BlackElo "1510"]
[PlyCount "135"]
[EventDate "2015.03.30"]
[EventType "swiss"]
[EventRounds "9"]
[EventCountry "ROU"]
[SourceTitle "CBM 165 Extra"]
[Source "ChessBase"]
[SourceDate "2015.04.21"]
[SourceVersion "1"]
[SourceVersionDate "2015.04.21"]
[SourceQuality "1"]

1. d4 Nf6 2. c4 e6 3. Nf3 b6 4. g3 Bb7 5. Bg2 Be7 6. Nc3 Bb4 7. Bd2 Bxc3 8. Bxc3 Ne4 9. Qc2 Nxc3 10. bxc3 f5 11. Qd2 0-0 12. 0-0 h6 13. Ne5 Bxg2 14. Kxg2 Qf6 15. Rab1 d6 16. Nd3 Nc6 17. e3 Na5 18. Nb2 Rad8 19. Qe2 e5 20. Rfe1 Rfe8 21. Qd3 e4 22. Qe2 c5 23. Rec1 Kh7 24. h3 g5 25. Rg1 f4 26. Kh2 fxe3 27. Qxe3 cxd4 28. cxd4 Rc8 29. Rbc1 Qf3 30. Rge1 Qf7 31. d5 Qf6 32. Rc2 Qf3 33. Qd4 Qf5 34. Rce2 Rf8 35. Kg2 g4 36. hxg4 Qf3+ 37. Kg1 e3 38. Qxe3 Qxe3 39. Rxe3 Nxc4 40. Nxc4 Rxc4 41. Re7+ Kh8 42. Rxa7 Rxg4 43. Rd7 Rf6 44. Re8+ Rg8 45. Ree7 Rc8 46. Re6 Rcf8 47. Rdxd6 Rxe6 48. Rxe6 Rd8 49. Rxh6+ Kg7 50. Rxb6 Rxd5 51. a4 Ra5 52. Rb4 Kg6 53. f4 Kf6 54. g4 Kg6 55. Kf2 Kf6 56. Kg3 Kg6 57. g5 Kf7 58. Kg4 Kg6 59. Re4 Kf7 60. f5 Kg7 61. g6 Kf6 62. Re6+ Kg7 63. Kg5 Kg8 64. Re8+ Kg7 65. Re7+ Kg8 66. Kh6 Ra8 67. f6 Rb8 68. g7 1-0

[Event "ROM-ch U10"]
[Site "Calimanesti"]
[Date "2015.04.04"]
[Round "7"]
[White "Adascalitei, Stefan Alexandru"]
[Black "Rehner, Rainer Fabian"]
[Result "1-0"]
[WhiteElo "1510"]
[BlackElo "1450"]
[PlyCount "135"]
[EventDate "2015.03.30"]
[EventType "swiss"]
[EventRounds "9"]
[EventCountry "ROU"]
[SourceTitle "CBM 165 Extra"]
[Source "ChessBase"]
[SourceDate "2015.04.21"]
[SourceVersion "1"]
[SourceVersionDate "2015.04.21"]
[SourceQuality "1"]

1. d4 g6 2. c4 Bg7 3. Nf3 d6 4. Nc3 Nd7 5. e4 e5 6. dxe5 dxe5 7. Be2 Ne7 8. 0-0 h6 9. Be3 0-0 10. Qd2 Kh7 11. Ne1 c6 12. Nc2 f5 13. Rad1 b6 14. f3 f4 15. Bf2 Qc7 16. Qd6 Qxd6 17. Rxd6 Rf6 18. Rfd1 Rxd6 19. Rxd6 Nf6 20. g3 g5 21. gxf4 gxf4 22. Bh4 Kg6 23. Nb4 Bb7 24. Re6 Neg8 25. Nxc6 Kf7 26. Rd6 Bxc6 27. Rxc6 Ne7 28. Rc7 Bf8 29. Nd5 Rc8 30. Rxc8 Nxc8 31. Bxf6 Bc5+ 32. Kg2 Bd6 33. Kh3 Kg6 34. Bd1 Bb8 35. Ba4 a6 36. Bd7 Na7 37. Be8+ Kh7 38. Kg4 Nc8 39. Kh5 Bd6 40. Bd7 Na7 41. Nxb6 Bc5 42. Nd5 Bf2 43. Bxe5 Be3 44. Nxf4 Bg1 45. Ng6 Be3 46. Bb8 a5 47. Bxa7 Bxa7 48. e5 Bc5 49. e6 Kg7 50. e7 Bxe7 51. Nxe7 a4 52. Bxa4 Kf7 53. Kxh6 Kxe7 54. Kg7 Kd6 55. h4 Kc5 56. h5 Kxc4 57. h6 Kb4 58. h7 Kxa4 59. h8Q Kb4 60. Qc8 Kb5 61. f4 Kb4 62. f5 Kb5 63. f6 Kb4 64. f7 Kb5 65. f8Q Ka4 66. Qf4+ Ka5 67. Qfb8 Ka4 68. Qa6# 1-0

[Event "ROM-ch U10"]
[Site "Calimanesti"]
[Date "2015.04.03"]
[Round "6"]
[White "Pirvu, Christian"]
[Black "Adascalitei, Stefan Alexandru"]
[Result "0-1"]
[WhiteElo "1252"]
[BlackElo "1510"]
[PlyCount "52"]
[EventDate "2015.03.30"]
[EventType "swiss"]
[EventRounds "9"]
[EventCountry "ROU"]
[SourceTitle "CBM 165 Extra"]
[Source "ChessBase"]
[SourceDate "2015.04.21"]
[SourceVersion "1"]
[SourceVersionDate "2015.04.21"]
[SourceQuality "1"]

1. e4 e5 2. Nf3 Nc6 3. Bb5 a6 4. Ba4 d6 5. c3 Bd7 6. 0-0 g6 7. d4 Bg7 8. d5 Nb8 9. Bxd7+ Nxd7 10. Qc2 Ne7 11. Be3 0-0 12. Nbd2 h6 13. c4 f5 14. exf5 gxf5 15. Nb3 b6 16. Rad1 Qe8 17. Ne1 Qg6 18. f4 exf4 19. Bxf4 Qf6 20. Nd3 Nc5 21. Ndxc5 bxc5 22. Rb1 Ng6 23. Bd2 Qf7 24. Bc3 Bxc3 25. Qxc3 Qf6 26. Qg3 Qg5 0-1

[Event "ROM-ch U10"]
[Site "Calimanesti"]
[Date "2015.04.01"]
[Round "3"]
[White "Adascalitei, Stefan Alexandru"]
[Black "Marina, Matei Octavian"]
[Result "1/2-1/2"]
[WhiteElo "1510"]
[BlackElo "1359"]
[PlyCount "73"]
[EventDate "2015.03.30"]
[EventType "swiss"]
[EventRounds "9"]
[EventCountry "ROU"]
[SourceTitle "CBM 165 Extra"]
[Source "ChessBase"]
[SourceDate "2015.04.21"]
[SourceVersion "1"]
[SourceVersionDate "2015.04.21"]
[SourceQuality "1"]

1. d4 d5 2. c4 e6 3. Nc3 c5 4. e3 cxd4 5. exd4 dxc4 6. Bxc4 Nc6 7. Nf3 Nge7 8. Bg5 h6 9. Bh4 Qb6 10. Bxe7 Bxe7 11. Rb1 0-0 12. 0-0 Bf6 13. d5 Rd8 14. Qc2 Nb4 15. Qb3 exd5 16. Nxd5 Nxd5 17. Bxd5 Qxb3 18. Bxb3 Bf5 19. Rbd1 Bxb2 20. h3 Rac8 21. Rxd8+ Rxd8 22. Re1 Bf6 23. Ne5 Bxe5 24. Rxe5 Bg6 25. Re7 Rb8 26. Bd5 Kf8 27. Rxb7 Rxb7 28. Bxb7 Bb1 29. Bd5 Ke7 30. Kf1 f6 31. Ke2 Kd6 32. Bb3 Kc5 33. Kd1 Kb4 34. Kc1 Bd3 35. g3 Bf1 36. h4 a5 37. Kb2 1/2-1/2

[Event "ROM-ch U10"]
[Site "Calimanesti"]
[Date "2015.03.30"]
[Round "1"]
[White "Adascalitei, Stefan Alexandru"]
[Black "Saulescu, Ioan Alexandru"]
[Result "1/2-1/2"]
[WhiteElo "1510"]
[BlackElo "1123"]
[PlyCount "66"]
[EventDate "2015.03.30"]
[EventType "swiss"]
[EventRounds "9"]
[EventCountry "ROU"]
[SourceTitle "CBM 165 Extra"]
[Source "ChessBase"]
[SourceDate "2015.04.21"]
[SourceVersion "1"]
[SourceVersionDate "2015.04.21"]
[SourceQuality "1"]

1. d4 c5 2. e3 cxd4 3. exd4 d5 4. Nf3 Bg4 5. c4 Nf6 6. Qa4+ Nc6 7. Ne5 Bd7 8. Nxd7 Qxd7 9. c5 e5 10. Be3 exd4 11. Bxd4 Nxd4 12. Qxd4 Qe7+ 13. Be2 Qxc5 14. Qa4+ Nd7 15. 0-0 Qb4 16. Qxb4 Bxb4 17. Bb5 0-0-0 18. a3 Ba5 19. b4 Bc7 20. Nd2 Nf6 21. Rac1 Kb8 22. g3 Ne4 23. Nxe4 dxe4 24. Rfe1 f5 25. g4 Rhf8 26. Ba4 Rd3 27. gxf5 Rxf5 28. Bc2 Rg5+ 29. Kf1 Rxa3 30. Rxe4 Re5 31. Rxe5 Bxe5 32. Re1 Bd6 33. Re8+ Kc7 1/2-1/2

[Event "ROM-ch U08"]
[Site "Calimanesti"]
[Date "2013.04.05"]
[Round "6"]
[White "Adascalitei, Stefan Alexandru"]
[Black "Bulgariu, Andrei"]
[Result "0-1"]
[WhiteElo "1094"]
[BlackElo "1140"]
[PlyCount "76"]
[EventDate "2013.04.02"]
[EventType "swiss"]
[EventRounds "9"]
[EventCountry "ROU"]
[SourceTitle "CBM 153 Extra"]
[Source "ChessBase"]
[SourceDate "2013.04.22"]
[SourceVersion "1"]
[SourceVersionDate "2013.04.22"]
[SourceQuality "1"]

1. d4 Nf6 2. Nf3 e6 3. e3 b6 4. Bd3 Bb7 5. Nbd2 d5 6. c3 Nbd7 7. 0-0 Be7 8. Qe2 c5 9. e4 dxe4 10. Nxe4 Nxe4 11. Bxe4 Bxe4 12. Qxe4 0-0 13. Qe2 Rc8 14. Re1 Bf6 15. dxc5 Nxc5 16. Rd1 Qe7 17. b4 Bxc3 18. Bb2 Na4 19. Bxc3 Nxc3 20. Qd2 Nxd1 21. Rxd1 Rfd8 22. Qe2 Rxd1+ 23. Qxd1 Qxb4 24. h3 Qb2 25. Qd7 Qc1+ 26. Kh2 h6 27. g3 Rc2 28. Kg2 Qb2 29. Qd8+ Kh7 30. Qd3+ g6 31. Qe3 Qxa2 32. Ne5 Qd5+ 33. Nf3 a5 34. Qxb6 Rc3 35. Qa7 Qxf3+ 36. Kh2 Rc2 37. Kg1 Rc1+ 38. Kh2 Rh1# 0-1

[Event "ROM-ch U08"]
[Site "Calimanesti"]
[Date "2013.04.04"]
[Round "4"]
[White "Adascalitei, Stefan Alexandru"]
[Black "Ionita, Stefan"]
[Result "1-0"]
[WhiteElo "1094"]
[BlackElo "1222"]
[PlyCount "95"]
[EventDate "2013.04.02"]
[EventType "swiss"]
[EventRounds "9"]
[EventCountry "ROU"]
[SourceTitle "CBM 153 Extra"]
[Source "ChessBase"]
[SourceDate "2013.04.22"]
[SourceVersion "1"]
[SourceVersionDate "2013.04.22"]
[SourceQuality "1"]

1. d4 e5 2. dxe5 Qe7 3. Nf3 Nc6 4. c3 f6 5. Nbd2 fxe5 6. e4 Nf6 7. Bd3 d6 8. 0-0 h6 9. h3 g5 10. Nh2 h5 11. f3 Qg7 12. Be2 Bd7 13. b4 Rg8 14. g4 Be7 15. Nb3 Rh8 16. Be3 Qh6 17. Rf2 hxg4 18. hxg4 Rh7 19. b5 Nd8 20. Qf1 Ne6 21. Qg2 Nf4 22. Bxf4 exf4 23. Bc4 0-0-0 24. Re1 Rdh8 25. Bd3 Qf8 26. Qf1 Be6 27. Rg2 Bxb3 28. axb3 b6 29. b4 d5 30. e5 Nd7 31. Bxh7 Rxh7 32. e6 Nf6 33. Qd3 Qh8 34. Ra1 Kb8 35. Qd2 c5 36. Qb2 Ne8 37. Qa3 Bf6 38. Rc1 d4 39. cxd4 Bxd4+ 40. Kh1 Be3 41. Rd1 Nc7 42. bxc5 Bxc5 43. Qa2 Nxb5 44. Qb3 Nd4 45. Qd5 Rh3 46. Rd3 Rg3 47. e7 Nxf3 48. Qd8+ 1-0

[Event "ROM-ch U08"]
[Site "Calimanesti"]
[Date "2013.04.03"]
[Round "2"]
[White "Adascalitei, Stefan Alexandru"]
[Black "Verzotti, Matteo Alexandru"]
[Result "0-1"]
[WhiteElo "1094"]
[BlackElo "1261"]
[PlyCount "54"]
[EventDate "2013.04.02"]
[EventType "swiss"]
[EventRounds "9"]
[EventCountry "ROU"]
[SourceTitle "CBM 153 Extra"]
[Source "ChessBase"]
[SourceDate "2013.04.22"]
[SourceVersion "1"]
[SourceVersionDate "2013.04.22"]
[SourceQuality "1"]

1. d4 d5 2. Nf3 b6 3. e3 Bb7 4. Bd3 e6 5. Nbd2 Bd6 6. 0-0 Nf6 7. Qe2 Nbd7 8. c3 0-0 9. b3 e5 10. dxe5 Nxe5 11. Nxe5 Bxe5 12. f4 Bxc3 13. Rb1 Re8 14. Ba3 d4 15. Nc4 dxe3 16. Nxe3 Bd4 17. Bc1 Ne4 18. Bxe4 Bxe4 19. Bb2 Bxb1 20. Rxb1 Bxb2 21. Rxb2 Re6 22. Rd2 Qe7 23. Rd3 h6 24. Qf3 Re8 25. Nf5 Qc5+ 26. Nd4 Qc1+ 27. Kf2 Qe1# 0-1

[Event "ROM-ch U08"]
[Site "Calimanesti"]
[Date "2013.04.03"]
[Round "3"]
[White "Veress, Armand"]
[Black "Adascalitei, Stefan Alexandru"]
[Result "0-1"]
[WhiteElo "1047"]
[BlackElo "1094"]
[PlyCount "104"]
[EventDate "2013.04.02"]
[EventType "swiss"]
[EventRounds "9"]
[EventCountry "ROU"]
[SourceTitle "CBM 153 Extra"]
[Source "ChessBase"]
[SourceDate "2013.04.22"]
[SourceVersion "1"]
[SourceVersionDate "2013.04.22"]
[SourceQuality "1"]

1. d4 d6 2. e3 Nd7 3. Bd3 e5 4. c3 Ngf6 5. Nf3 e4 6. 0-0 exd3 7. Qxd3 Be7 8. Nbd2 0-0 9. Re1 c5 10. Nf1 d5 11. Ng3 c4 12. Qc2 Nb6 13. Ng5 h6 14. Nf3 Qc7 15. Ne5 Bd6 16. f4 Bxe5 17. fxe5 Nh7 18. e4 dxe4 19. Nxe4 Bf5 20. Rf1 Bxe4 21. Qxe4 f6 22. e6 Qc6 23. Qg6 Qxe6 24. Bxh6 Qf7 25. Qg3 Kh8 26. Bd2 f5 27. Rae1 Rae8 28. Rxe8 Rxe8 29. Bf4 Nd5 30. Be5 Ne7 31. Rf4 Ng6 32. Rf3 Nxe5 33. dxe5 Qe6 34. Qh3 Rf8 35. g4 f4 36. Qh4 Qh6 37. Qe7 Qb6+ 38. Kh1 Qxb2 39. Rh3 Qb1+ 40. Kg2 Qc2+ 41. Kf1 Rg8 42. Qh4 Qd1+ 43. Kg2 Qe2+ 44. Kg1 Qd1+ 45. Kf2 Qc2+ 46. Kf3 Qxc3+ 47. Ke4 Qc2+ 48. Kd4 Qd2+ 49. Kxc4 Rc8+ 50. Kb5 Qb2+ 51. Ka4 Rc4+ 52. Ka5 Qb6# 0-1